书目信息 |
| 题名: |
电子管手册
|
|
| 作者: | 郑国川 , 李洪英 编著 | |
| 分册: | ||
| 出版信息: | 福州 福建科学技术出版社 2002.10 |
|
| 页数: | 894页 | |
| 开本: | 20cm | |
| 丛书名: | ||
| 单 册: | ||
| 中图分类: | TN11-62 | |
| 科图分类: | ||
| 主题词: | 电子管--手册 | |
| 电子资源: | ||
| ISBN: | 7-5335-2013-0 | |
| 000 | 00617nam0 2200205 450 | |
| 001 | 0638561172 | |
| 005 | 20061010162627.60 | |
| 010 | @a7-5335-2013-0@dCNY 45.00 | |
| 100 | @a20060817d2002 km y0chiy0120 ea | |
| 101 | 0 | @achi |
| 102 | @aCN@b350000 | |
| 200 | 1 | @a电子管手册@Adian zi guan shou ce@f郑国川,李洪英编著@Fzheng guo chuan,li hong ying bian zhu |
| 210 | @a福州@c福建科学技术出版社@d2002.10 | |
| 215 | @a894页@d20cm | |
| 606 | 0 | @a电子管@x手册 |
| 690 | @aTN11-62@v4 | |
| 701 | 0 | @a郑国川@Azheng guo chuan@4编著 |
| 701 | 0 | @a李洪英@Ali hong ying@4编著 |
| 801 | @aCN@c20061010 | |
| 905 | @apdsgxy@dTN11-62@eZ430 | |
| 电子管手册/郑国川,李洪英编著.-福州:福建科学技术出版社,2002.10 |
| 894页;20cm |
| ISBN 7-5335-2013-0:CNY 45.00 |
| ● |
| 相关链接 |
|
|
|
正题名:电子管手册
索取号:TN11-62/Z430
 
预约/预借
| 序号 | 登录号 | 条形码 | 馆藏地/架位号 | 状态 | 备注 |
| 1 | 608107 | 206081078 | 自科二线404/301自科库 18排2列5层/ [索取号:TN11-62/Z430] | 在馆 | |
| 2 | 608108 | 206081087 | 自科二线404/301自科库 18排2列5层/ [索取号:TN11-62/Z430] | 在馆 | |
| 3 | 608109 | 206081096 | 自科库301/301自科库 25排1列5层/ [索取号:TN11-62/Z430] | 在馆 | |
| 4 | 608110 | 206081103 | 自科二线404/301自科库 18排2列5层/ [索取号:TN11-62/Z430] | 在馆 | |
| 5 | 608111 | 206081112 | 自科库301/301自科库 25排1列5层/ [索取号:TN11-62/Z430] | 在馆 |